[Event "Omsk op 05"]
[Site "Omsk"]
[Date "2014.05.04"]
[Round "2"]
[White "Riabinina, Margarita"]
[Black "Mokhov, Anatoly"]
[Result "1-0"]
[WhiteElo "1724"]
[BlackElo "1706"]
[PlyCount "27"]
[EventDate "2014.05.01"]
[EventType "swiss"]
[EventRounds "9"]
[EventCountry "RUS"]
[SourceTitle "EXT 2016"]
[Source "ChessBase"]
[SourceDate "2015.10.08"]
[SourceVersion "1"]
[SourceVersionDate "2015.10.08"]
[SourceQuality "1"]

1. e4 c6 2. d4 d5 3. e5 c5 4. c3 Nc6 5. Ne2 Bg4 6. h3 Bxe2 7. Bxe2 e6 8. 0-0 Qb6 9. dxc5 Bxc5 10. b4 Be7 11. Bf4 Qc7 12. Re1 Nxe5 13. Bxe5 Qxe5 14. Bb5+ 1-0

[Event "Omsk op 12"]
[Site "Omsk"]
[Date "2013.12.08"]
[Round "6"]
[White "Riabinina, Margarita"]
[Black "Mokhov, Anatoly"]
[Result "1/2-1/2"]
[WhiteElo "1724"]
[BlackElo "1724"]
[PlyCount "43"]
[EventDate "2013.12.01"]
[EventType "swiss"]
[EventRounds "9"]
[EventCountry "RUS"]
[SourceTitle "EXT 2016"]
[Source "ChessBase"]
[SourceDate "2015.10.08"]
[SourceVersion "1"]
[SourceVersionDate "2015.10.08"]
[SourceQuality "1"]

1. e4 c6 2. d4 d5 3. e5 c5 4. c3 Nc6 5. h3 Bf5 6. Bd3 Bxd3 7. Qxd3 e6 8. Ne2 g6 9. 0-0 Bg7 10. Na3 a6 11. Nc2 Nge7 12. f4 cxd4 13. Ncxd4 Nxd4 14. Nxd4 0-0 15. Kh2 Rc8 16. Nf3 h6 17. Be3 Qc7 18. Kh1 Qc4 19. Qd2 Qc7 20. Qd3 Qc4 21. Qd2 Qc7 22. Qd3 1/2-1/2

[Event "Omsk op"]
[Site "Omsk"]
[Date "2013.09.13"]
[Round "4"]
[White "Mokhov, Anatoly"]
[Black "Osipov, Yury"]
[Result "1-0"]
[WhiteElo "1745"]
[BlackElo "1637"]
[PlyCount "92"]
[EventDate "2013.09.10"]
[EventType "swiss"]
[EventRounds "9"]
[EventCountry "RUS"]
[SourceTitle "CBM 156 Extra"]
[Source "ChessBase"]
[SourceDate "2013.10.22"]
[SourceVersion "1"]
[SourceVersionDate "2013.10.22"]
[SourceQuality "1"]

1. c4 c5 2. Nf3 Nf6 3. Nc3 d5 4. cxd5 Nxd5 5. g3 e6 6. Bg2 Bd6 7. 0-0 0-0 8. Nb5 Nc6 9. Nxd6 Qxd6 10. b3 Rb8 11. Bb2 f6 12. Rc1 b6 13. Ba3 Ncb4 14. Bxb4 Nxb4 15. a3 Nc6 16. Qc2 Ba6 17. d3 Nd4 18. Nxd4 Qxd4 19. Qc3 Qxc3 20. Rxc3 Kf7 21. Rfc1 Rfd8 22. b4 cxb4 23. Rc7+ Kg6 24. axb4 Bb5 25. Rxa7 Rd7 26. Rcc7 Rxc7 27. Rxc7 e5 28. Be4+ f5 29. Bd5 Rd8 30. Bf7+ Kf6 31. Bc4 Bxc4 32. dxc4 Rd4 33. c5 bxc5 34. bxc5 Rd2 35. e3 h5 36. h4 g6 37. Rc6+ Kf7 38. Rb6 Rc2 39. c6 Kg7 40. Rb7+ Kh6 41. c7 e4 42. Kf1 Rc1+ 43. Ke2 Rc2+ 44. Kd1 Rc3 45. Kd2 Rc5 46. Kd1 Rc6 1-0

[Event "Omsk op"]
[Site "Omsk"]
[Date "2013.09.10"]
[Round "1"]
[White "Pozdniakov, Vladimir"]
[Black "Mokhov, Anatoly"]
[Result "1-0"]
[WhiteElo "2175"]
[BlackElo "1745"]
[PlyCount "61"]
[EventDate "2013.09.10"]
[EventType "swiss"]
[EventRounds "9"]
[EventCountry "RUS"]
[SourceTitle "CBM 156 Extra"]
[Source "ChessBase"]
[SourceDate "2013.10.22"]
[SourceVersion "1"]
[SourceVersionDate "2013.10.22"]
[SourceQuality "1"]

1. c4 Nf6 2. Nc3 e6 3. Nf3 b6 4. g3 Bb7 5. Bg2 Be7 6. 0-0 0-0 7. b3 Ne4 8. Nxe4 Bxe4 9. d3 Bb7 10. e3 Bf6 11. Rb1 d6 12. Qe2 Nd7 13. Rd1 Rc8 14. b4 Ba8 15. e4 g6 16. d4 Qe7 17. Bh6 Bg7 18. Bxg7 Kxg7 19. Re1 e5 20. d5 Rcd8 21. Qd2 Bb7 22. Rbc1 Bc8 23. Qc3 f5 24. exf5 gxf5 25. c5 Qf6 26. cxd6 cxd6 27. Qd2 Rf7 28. Ng5 Re7 29. Ne6+ Rxe6 30. dxe6 Qxe6 31. Qg5+ 1-0

[Event "Omsk-ch"]
[Site "Omsk"]
[Date "2013.02.17"]
[Round "9"]
[White "Mokhov, Anatoly"]
[Black "Chagasov, Oleg"]
[Result "0-1"]
[WhiteElo "1787"]
[BlackElo "1846"]
[PlyCount "51"]
[EventDate "2013.02.09"]
[EventType "swiss"]
[EventRounds "9"]
[EventCountry "RUS"]
[SourceTitle "CBM 153 Extra"]
[Source "ChessBase"]
[SourceDate "2013.04.22"]
[SourceVersion "1"]
[SourceVersionDate "2013.04.22"]
[SourceQuality "1"]

1. Nf3 d5 2. c4 d4 3. e3 c5 4. exd4 cxd4 5. d3 Nc6 6. a3 e5 7. b4 Bd6 8. g3 a6 9. Bg2 Nf6 10. Bg5 h6 11. Bxf6 Qxf6 12. Nbd2 Bf5 13. Qe2 0-0 14. Ne4 Bxe4 15. Qxe4 Qe7 16. Bh3 f5 17. Qd5+ Kh7 18. c5 Bc7 19. Kd2 Rad8 20. Qc4 e4 21. Rae1 Qf6 22. Nh4 Ne5 23. Qb3 Qg5+ 24. Kd1 Nxd3 25. f4 Qh5+ 26. Kc2 0-1

[Event "Omsk-ch"]
[Site "Omsk"]
[Date "2013.02.14"]
[Round "6"]
[White "Mokhov, Anatoly"]
[Black "Rubtsov, Alexander"]
[Result "1/2-1/2"]
[WhiteElo "1787"]
[BlackElo "2343"]
[PlyCount "34"]
[EventDate "2013.02.09"]
[EventType "swiss"]
[EventRounds "9"]
[EventCountry "RUS"]
[SourceTitle "CBM 153 Extra"]
[Source "ChessBase"]
[SourceDate "2013.04.22"]
[SourceVersion "1"]
[SourceVersionDate "2013.04.22"]
[SourceQuality "1"]

1. Nf3 Nf6 2. c4 c5 3. Nc3 Nc6 4. g3 d5 5. cxd5 Nxd5 6. Bg2 Be6 7. 0-0 Ndb4 8. a3 Na6 9. Re1 f6 10. Qc2 Bf7 11. d3 Rb8 12. Be3 e5 13. Nh4 Qd7 14. Rac1 g5 15. Nf3 Nd4 16. Bxd4 cxd4 17. Nxd4 Bg7 1/2-1/2

[Event "Omsk-ch"]
[Site "Omsk"]
[Date "2013.02.11"]
[Round "3"]
[White "Mokhov, Anatoly"]
[Black "Gabdullin, Oleg"]
[Result "0-1"]
[WhiteElo "1787"]
[BlackElo "1897"]
[PlyCount "48"]
[EventDate "2013.02.09"]
[EventType "swiss"]
[EventRounds "9"]
[EventCountry "RUS"]
[SourceTitle "CBM 153 Extra"]
[Source "ChessBase"]
[SourceDate "2013.04.22"]
[SourceVersion "1"]
[SourceVersionDate "2013.04.22"]
[SourceQuality "1"]

1. Nf3 d5 2. c4 d4 3. e3 dxe3 4. fxe3 Bg4 5. Be2 e5 6. 0-0 Nf6 7. Nc3 Be7 8. d4 0-0 9. a3 Nbd7 10. b4 c6 11. Qc2 Qc7 12. Bd2 Rad8 13. Be1 exd4 14. Nxd4 Qe5 15. c5 a6 16. Bf2 Bxe2 17. Qxe2 Ne4 18. Nxe4 Qxe4 19. Qc2 Qxc2 20. Nxc2 Nf6 21. Rad1 Ne4 22. Nd4 Rd5 23. Nxc6 bxc6 24. Rxd5 Nf6 0-1

[Event "Omsk-ch"]
[Site "Omsk"]
[Date "2013.02.10"]
[Round "2"]
[White "Kirpichev, Sergey"]
[Black "Mokhov, Anatoly"]
[Result "1-0"]
[WhiteElo "2205"]
[BlackElo "1787"]
[PlyCount "50"]
[EventDate "2013.02.09"]
[EventType "swiss"]
[EventRounds "9"]
[EventCountry "RUS"]
[SourceTitle "CBM 153 Extra"]
[Source "ChessBase"]
[SourceDate "2013.04.22"]
[SourceVersion "1"]
[SourceVersionDate "2013.04.22"]
[SourceQuality "1"]

1. d4 Nf6 2. Nf3 e6 3. g3 c6 4. Bg2 Be7 5. 0-0 0-0 6. c4 Re8 7. Nc3 d6 8. e4 Qc7 9. e5 Nfd7 10. Qe2 Nf8 11. exd6 Bxd6 12. c5 Be7 13. Bf4 Qd8 14. Ne4 Ng6 15. Bd6 Na6 16. h4 Qd7 17. h5 Nf8 18. Ne5 Qd8 19. h6 g6 20. Bxe7 Qxe7 21. Nd6 f5 22. Nef7 Nd7 23. Nxe8 Qxf7 24. Nd6 Qf8 25. Rad1 Nb4 1-0

[Event "Omsk op"]
[Site "Omsk"]
[Date "2012.02.05"]
[Round "5"]
[White "Mokhov, Anatoly"]
[Black "Petrenko, Mikhail"]
[Result "1-0"]
[WhiteElo "1903"]
[BlackElo "1592"]
[PlyCount "91"]
[EventDate "2012.01.29"]
[EventType "swiss"]
[EventRounds "9"]
[EventCountry "RUS"]
[SourceTitle "EXT 2022"]
[Source "ChessBase"]
[SourceDate "2021.10.06"]
[SourceVersion "1"]
[SourceVersionDate "2021.10.06"]
[SourceQuality "1"]

1. d4 Nf6 2. c4 e6 3. Nc3 b6 4. e4 Bb7 5. Bg5 Be7 6. Bxf6 Bxf6 7. Nf3 d6 8. a3 c5 9. d5 e5 10. Bd3 Nd7 11. Nb5 Be7 12. 0-0 Nf6 13. h3 Qd7 14. Nh2 a6 15. Nc3 0-0-0 16. b4 Kb8 17. bxc5 bxc5 18. Qb3 Ka7 19. Rfb1 Qc7 20. Qa4 Ka8 21. Rb2 Rd7 22. Rab1 Qb8 23. Ng4 Rhd8 24. Nxf6 Bxf6 25. Rb6 Qa7 26. R1b2 g6 27. Be2 Bg7 28. Qa5 f5 29. Rxb7 Qxb7 30. Rxb7 Kxb7 31. Na4 Rb8 32. Qb6+ Kc8 33. Qxa6+ Kd8 34. Qa5+ Ke7 35. Qd2 Ra7 36. Bd1 fxe4 37. Qc2 Rba8 38. Qxe4 Rxa4 39. Bxa4 Rxa4 40. Qd3 Ra7 41. Qb3 Rd7 42. a4 Ra7 43. Qb5 e4 44. a5 Rc7 45. a6 Kd8 46. Qb8+ 1-0

[Event "Omsk CC-ch final"]
[Site "Omsk"]
[Date "2011.08.28"]
[Round "5"]
[White "Mokhov, Anatoly"]
[Black "Abdulmanov, Marat"]
[Result "0-1"]
[WhiteElo "1985"]
[BlackElo "2027"]
[PlyCount "84"]
[EventDate "2011.08.20"]
[EventType "swiss"]
[EventRounds "11"]
[EventCountry "RUS"]
[SourceTitle "EXT 2023"]
[Source "ChessBase"]
[SourceDate "2022.10.05"]
[SourceVersion "1"]
[SourceVersionDate "2022.10.05"]
[SourceQuality "1"]

1. b4 d5 2. e3 Bf5 3. Bb2 e6 4. b5 Nf6 5. Nf3 c5 6. c4 Be7 7. Be2 0-0 8. 0-0 Nbd7 9. a4 Nb6 10. d3 Qc7 11. a5 Nbd7 12. Qb3 Rac8 13. Nbd2 Rfd8 14. Rfc1 Qb8 15. d4 cxd4 16. Nxd4 Nc5 17. Qa2 Bg6 18. N2b3 Nxb3 19. Qxb3 dxc4 20. Bxc4 e5 21. Nf3 e4 22. Nd4 Ng4 23. g3 Ne5 24. Be2 Bf6 25. a6 b6 26. Rxc8 Rxc8 27. Kg2 Rc7 28. Rc1 Rxc1 29. Bxc1 Qc7 30. Ba3 h5 31. Qc2 Qd7 32. Qb1 Nf3 33. Nc6 Qg4 34. Ne7+ Bxe7 35. Bxe7 Bf5 36. Kh1 Qh3 37. Bxf3 exf3 38. Qg1 Bd3 39. g4 h4 40. Bxh4 Qxh4 41. Qg3 Qxg3 42. hxg3 Bxb5 0-1

[Event "Omsk CC-ch sf"]
[Site "Omsk"]
[Date "2011.06.27"]
[Round "6"]
[White "Golovko, Evgenij"]
[Black "Mokhov, Anatoly"]
[Result "0-1"]
[WhiteElo "2215"]
[BlackElo "1985"]
[PlyCount "82"]
[EventDate "2011.06.20"]
[EventType "swiss"]
[EventRounds "11"]
[EventCountry "RUS"]
[SourceTitle "EXT 2023"]
[Source "ChessBase"]
[SourceDate "2022.10.05"]
[SourceVersion "1"]
[SourceVersionDate "2022.10.05"]
[SourceQuality "1"]

1. c4 e5 2. Nc3 Nc6 3. Nf3 Nf6 4. d3 Be7 5. g3 0-0 6. Bg2 Rb8 7. 0-0 d6 8. Bd2 Bg4 9. h3 Bxf3 10. Bxf3 Nd4 11. Bg2 Re8 12. b4 Bf8 13. b5 Ne6 14. a4 Nc5 15. Qc2 h6 16. a5 Qe7 17. Be3 Nfd7 18. Nd5 Qd8 19. Rfb1 Nf6 20. Rb2 Nxd5 21. Bxd5 Qc8 22. Kh2 Qf5 23. Bg2 Be7 24. Rab1 Bg5 25. Qd2 Bxe3 26. Qxe3 Qc8 27. Bd5 Ne6 28. Qxa7 Nd4 29. c5 dxc5 30. Qxc5 Kh8 31. Bxf7 Qf5 32. Qxc7 Qxf2+ 33. Kh1 Rf8 34. Qxe5 Nf5 35. Rg1 Rbc8 36. Bd5 Rc1 37. Rxc1 Nxg3+ 38. Qxg3 Qxg3 39. Bg2 Rf2 40. Rg1 Qe5 41. Rc2 g5 0-1